[Event "ECU pre olympic"]
[Site "Duran"]
[Date "2016.05.13"]
[Round "8"]
[White "Noboa Silva, Kevin Omar"]
[Black "Menes Camejo, Ivan"]
[Result "1-0"]
[WhiteElo "2126"]
[BlackElo "1968"]
[PlyCount "93"]
[EventDate "2016.05.09"]
[EventType "tourn"]
[EventRounds "11"]
[EventCountry "ECU"]
[SourceTitle "CBM 172 Extra"]
[Source "ChessBase"]
[SourceDate "2016.06.21"]
[SourceVersion "1"]
[SourceVersionDate "2016.06.21"]
[SourceQuality "1"]

1. e4 e5 2. Nf3 Nc6 3. d4 exd4 4. Nxd4 Bc5 5. Nb3 Bb6 6. Qe2 d6 7. Nc3 Nf6 8. Be3 Be6 9. 0-0-0 Qe7 10. f3 0-0-0 11. Kb1 Rhe8 12. Bxb6 axb6 13. Qb5 Kb8 14. Qg5 g6 15. Bb5 Bxb3 16. axb3 Qe5 17. h4 h5 18. Qd2 Re7 19. Rhe1 Na7 20. Bd3 Qa5 21. Bc4 Nc6 22. Qg5 Nd7 23. Qxa5 Nxa5 24. Nd5 Ree8 25. f4 Nxc4 26. bxc4 c6 27. Nc3 Kc7 28. b4 Nf6 29. Re2 Ng4 30. Rde1 Rd7 31. Kc1 Nf6 32. e5 dxe5 33. fxe5 Ng4 34. e6 fxe6 35. Rxe6 Rf8 36. Rxg6 Rf2 37. Re2 Rxe2 38. Nxe2 Ne5 39. Rg5 Nxc4 40. Rxh5 Ne3 41. Nf4 b5 42. Re5 Nc4 43. Re2 Rh7 44. h5 Kb6 45. c3 Rf7 46. g3 Rg7 47. Ng6 1-0

[Event "ECU pre olympic"]
[Site "Duran"]
[Date "2016.05.11"]
[Round "5"]
[White "Menes Camejo, Ivan"]
[Black "Pazos Gambarrotti, Plinio Efrain"]
[Result "0-1"]
[WhiteElo "1968"]
[BlackElo "2212"]
[PlyCount "50"]
[EventDate "2016.05.09"]
[EventType "tourn"]
[EventRounds "11"]
[EventCountry "ECU"]
[SourceTitle "CBM 172 Extra"]
[Source "ChessBase"]
[SourceDate "2016.06.21"]
[SourceVersion "1"]
[SourceVersionDate "2016.06.21"]
[SourceQuality "1"]

1. d4 Nf6 2. Nf3 c5 3. c3 e6 4. Bg5 h6 5. Bh4 b6 6. e3 Bb7 7. Nbd2 Nc6 8. Bd3 Rc8 9. 0-0 Be7 10. Rc1 0-0 11. h3 cxd4 12. cxd4 Nb4 13. Rxc8 Qxc8 14. Bxf6 Bxf6 15. Ne4 Nxd3 16. Qxd3 Ba6 17. Qd1 Bxf1 18. Qxf1 Qc2 19. Nxf6+ gxf6 20. Qb5 f5 21. a3 Rc8 22. Qxd7 Qc1+ 23. Kh2 Qc7+ 24. Qxc7 Rxc7 25. Ne1 Rc1 0-1